[Event "29th NATO Chess Championship"]
[Site "Lubbock"]
[Date "2018.06.05"]
[Round "3.13"]
[White "Everett, Elijah"]
[Black "Duren, Andrew"]
[Result "1-0"]
[WhiteElo "2217"]
[BlackElo "1982"]
[PlyCount "67"]
[EventDate "2018.06.04"]
[EventType "swiss"]
[EventRounds "7"]
[EventCountry "USA"]
[SourceVersion "1"]
[SourceVersionDate "2018.06.14"]
[SourceQuality "1"]
[WhiteTeam "GERMANY"]
[BlackTeam "VETERANS A"]
[WhiteTeamCountry "GER"]

1. e4 c5 2. Nf3 g6 3. c4 Nc6 4. d4 cxd4 5. Nxd4 Nf6 6. Nc3 Bg7 7. Be3 O-O 8.
Be2 d6 9. O-O Nxd4 10. Bxd4 a6 11. f3 Be6 12. Qd2 Qa5 13. b4 Qxb4 14. Rab1 Qa5
15. Rxb7 Rfc8 16. Rd1 Kf8 17. Rxe7 Bxc4 18. Rb7 Bxe2 19. Nxe2 Qxd2 20. Rxd2 Rc6
21. Bb2 Rac8 22. Nd4 Rc4 23. Rb6 Ra4 24. a3 Ne8 25. Kf2 Rcc4 26. Nc2 Bc3 27.
Bxc3 Rxc3 28. Rb4 Rcxa3 29. Rb8 Ra2 30. Ke3 Rc4 31. Nb4 Ra5 32. Nd5 Rac5 33.
Nb6 Rb5 34. Rxe8+ 1-0

[Event "29th NATO Chess Championship"]
[Site "Lubbock"]
[Date "2018.06.05"]
[Round "3.14"]
[White "Randall, Gordon"]
[Black "Mouroutis, Konstantinos"]
[Result "1-0"]
[WhiteElo "2029"]
[BlackElo "2205"]
[PlyCount "65"]
[EventDate "2018.06.04"]
[EventType "swiss"]
[EventRounds "7"]
[EventCountry "USA"]
[SourceVersion "1"]
[SourceVersionDate "2018.06.14"]
[SourceQuality "1"]
[WhiteTeam "UNITED STATES"]
[BlackTeam "GREECE"]
[WhiteTeamCountry "USA"]
[BlackTeamCountry "GRE"]

1. d4 Nf6 2. c4 e5 3. dxe5 Ng4 4. e3 Nxe5 5. Nh3 Nbc6 6. Nf4 Bb4+ 7. Nd2 O-O 8.
a3 Bxd2+ 9. Bxd2 d6 10. Be2 Re8 11. O-O Bd7 12. Bc3 Ng6 13. Nh5 f6 14. c5 Be6
15. cxd6 cxd6 16. Rc1 Qe7 17. b4 a6 18. a4 d5 19. Qd2 Bf7 20. b5 axb5 21. axb5
Nce5 22. Bb4 Qd8 23. Rfd1 Nc4 24. Qd4 Nce5 25. Ng3 Nf8 26. Nf5 Ra2 27. Bf1 Ne6
28. Qxd5 Qxd5 29. Rxd5 Rb2 30. Bc3 Rb3 31. Bxe5 fxe5 32. Rxe5 Rd8 33. Bc4 1-0

[Event "29th NATO Chess Championship"]
[Site "Lubbock"]
[Date "2018.06.05"]
[Round "3.15"]
[White "Werksma, Arie"]
[Black "Koopmeiners, Karl"]
[Result "1-0"]
[WhiteElo "2199"]
[BlackElo "1991"]
[PlyCount "65"]
[EventDate "2018.06.04"]
[EventType "swiss"]
[EventRounds "7"]
[EventCountry "USA"]
[SourceVersion "1"]
[SourceVersionDate "2018.06.14"]
[SourceQuality "1"]
[WhiteTeam "NETHERLANDS"]
[BlackTeam "VETERANS A"]
[WhiteTeamCountry "NED"]

1. e4 c5 2. Nf3 e6 3. d4 cxd4 4. Nxd4 Nc6 5. Nxc6 bxc6 6. Bd3 d5 7. O-O Ne7 8.
c4 Bb7 9. cxd5 cxd5 10. Bb5+ Bc6 11. Bxc6+ Nxc6 12. exd5 Qxd5 13. Qa4 Rc8 14.
Be3 Bd6 15. Nd2 O-O 16. Rfd1 Bb8 17. Rac1 Qh5 18. Nf1 Ne5 19. Rxc8 Rxc8 20. Rc1
Rd8 21. h3 h6 22. Ng3 Qg6 23. Qa5 Qd3 24. Nf1 Ng6 25. Rc3 Qd7 26. Rc4 e5 27.
Rc2 Qe8 28. Bxa7 Bxa7 29. Qxa7 Nf4 30. Kh2 e4 31. Ng3 Qb5 32. Qe3 Qd3 33. Qxe4
1-0

[Event "29th NATO Chess Championship"]
[Site "Lubbock"]
[Date "2018.06.05"]
[Round "3.16"]
[White "Wells, Daniel J"]
[Black "Bohn, Ulrich"]
[Result "0-1"]
[WhiteElo "2014"]
[BlackElo "2185"]
[PlyCount "84"]
[EventDate "2018.06.04"]
[EventType "swiss"]
[EventRounds "7"]
[EventCountry "USA"]
[SourceVersion "1"]
[SourceVersionDate "2018.06.14"]
[SourceQuality "1"]
[WhiteTeam "UNITED KINGDOM"]
[BlackTeam "GERMANY"]
[BlackTeamCountry "GER"]

1. e4 g6 2. d4 Bg7 3. Nc3 d6 4. Be3 a6 5. Qd2 b5 6. f3 Nd7 7. g4 h6 8. Nge2 Bb7
9. h4 c5 10. h5 g5 11. Ng3 cxd4 12. Bxd4 Bxd4 13. Qxd4 Ne5 14. Be2 e6 15. O-O-O
Ke7 16. Rhf1 Nf6 17. f4 gxf4 18. Rxf4 Ne8 19. Rdf1 Rh7 20. Nh1 Qc7 21. Nf2 Rc8
22. Nd3 f6 23. Qf2 Rf7 24. Qd4 Nc6 25. Qe3 b4 26. Na4 Nd4 27. c3 e5 28. R4f2
Qa5 29. Bd1 bxc3 30. bxc3 Nb5 31. Kb1 Na3+ 32. Ka1 Nc4 33. Qe2 Bc6 34. Nb4 Bxa4
35. Bxa4 Qxa4 36. Nd5+ Kd7 37. Rb1 Ke6 38. Qf3 Ng7 39. Qxf6+ Rxf6 40. Rxf6+ Kd7
41. Rb7+ Kc6 42. Rxg7 Qd1# 0-1

[Event "29th NATO Chess Championship"]
[Site "Lubbock"]
[Date "2018.06.05"]
[Round "3.17"]
[White "Kedzierski, Slawomir"]
[Black "Dekker, Ard E"]
[Result "1-0"]
[WhiteElo "2146"]
[BlackElo "1955"]
[PlyCount "81"]
[EventDate "2018.06.04"]
[EventType "swiss"]
[EventRounds "7"]
[EventCountry "USA"]
[SourceVersion "1"]
[SourceVersionDate "2018.06.14"]
[SourceQuality "1"]
[WhiteTeam "NATO A"]
[BlackTeam "NETHERLANDS"]
[BlackTeamCountry "NED"]

1. d4 Nf6 2. Nf3 g6 3. g3 Bg7 4. Bg2 d5 5. c4 c6 6. O-O O-O 7. Nc3 Bf5 8. Ne5
Be6 9. cxd5 Nxd5 10. Ne4 Bxe5 11. dxe5 Nd7 12. Ng5 Nc7 13. f4 Bd5 14. e4 Bc4
15. Rf2 Ne6 16. Qc2 Nxg5 17. Qxc4 Nb6 18. Qb3 Ne6 19. Be3 Qc7 20. Bh3 Ng7 21.
e6 f5 22. Bd4 fxe4 23. Re1 Nd5 24. Rxe4 Nf5 25. Be5 Qb6 26. Qf3 Ng7 27. b3 Nf6
28. Re1 Rad8 29. Qe2 Nd5 30. Ba1 Nf6 31. g4 Qc5 32. f5 g5 33. Bg2 Nge8 34. Bb2
Kg7 35. Bc1 h6 36. Be3 Qa5 37. Rc1 Nc7 38. Bc5 Ncd5 39. Qb2 b6 40. Bxd5 Rxd5
41. Bxe7 1-0

[Event "29th NATO Chess Championship"]
[Site "Lubbock"]
[Date "2018.06.05"]
[Round "3.18"]
[White "Pirs, Matjaz2"]
[Black "Schott, Guido"]
[Result "1/2-1/2"]
[WhiteElo "1983"]
[BlackElo "2127"]
[PlyCount "90"]
[EventDate "2018.06.04"]
[EventType "swiss"]
[EventRounds "7"]
[EventCountry "USA"]
[SourceVersion "1"]
[SourceVersionDate "2018.06.14"]
[SourceQuality "1"]
[WhiteTeam "SLOVENIA"]
[BlackTeam "NATO B"]
[WhiteTeamCountry "SLO"]

1. e4 c5 2. Nf3 g6 3. d4 cxd4 4. Nxd4 Nc6 5. Be2 Bg7 6. Nf3 Nf6 7. Nbd2 O-O 8.
O-O d6 9. Re1 b6 10. c3 Bb7 11. Bd3 Qc7 12. Qe2 Rfd8 13. Nb3 Ne5 14. Nxe5 dxe5
15. f3 a5 16. a4 Rd6 17. Be3 Rad8 18. Bb5 h5 19. c4 Nd7 20. Rac1 Nc5 21. Nxc5
bxc5 22. Qf2 Kh7 23. Rc2 Bh6 24. Bxc5 Rd4 25. Bxd4 exd4 26. Rd2 Qc5 27. Rd3 Qb4
28. Qe2 e5 29. Kf1 h4 30. Qc2 Bf4 31. h3 Bg3 32. Re2 f5 33. c5 fxe4 34. fxe4
Rf8+ 35. Rf3 Bf4 36. c6 Bc8 37. Ref2 g5 38. Rb3 Qd6 39. Be2 Be3 40. Rf3 Rxf3+
41. Bxf3 Ba6+ 42. Rb5 d3 43. Qb3 Qxc6 44. Qf7+ Kh6 45. Qf8+ Kh7 1/2-1/2

[Event "29th NATO Chess Championship"]
[Site "Lubbock"]
[Date "2018.06.05"]
[Round "3.19"]
[White "Onley, David"]
[Black "Middaugh, Jon S"]
[Result "1-0"]
[WhiteElo "2113"]
[BlackElo "1918"]
[PlyCount "93"]
[EventDate "2018.06.04"]
[EventType "swiss"]
[EventRounds "7"]
[EventCountry "USA"]
[SourceVersion "1"]
[SourceVersionDate "2018.06.14"]
[SourceQuality "1"]
[WhiteTeam "UNITED KINGDOM"]
[BlackTeam "NATO B"]

1. e4 e6 2. d4 d5 3. Nd2 dxe4 4. Nxe4 Bd7 5. Nf3 Bc6 6. Bd3 Nd7 7. O-O Ngf6 8.
Ng3 Be7 9. c4 Bxf3 10. Qxf3 c6 11. b3 O-O 12. Bb2 Re8 13. Rad1 Nf8 14. h4 a5
15. a4 Qc7 16. h5 h6 17. Rfe1 Rad8 18. Ne4 Rd7 19. Nc5 Rdd8 20. Bc2 Kh8 21. Nd3
Kg8 22. Ne5 Bd6 23. Rd3 N8h7 24. Red1 Nf8 25. Qe2 N8d7 26. Bb1 Nf8 27. Bc3 N8d7
28. Re1 Nf8 29. Rg3 Bb4 30. Bxb4 axb4 31. Ng4 Qf4 32. Qe5 Qxe5 33. Nxh6+ Kh8
34. Nxf7+ Kg8 35. Nh6+ Kh8 36. Nf7+ Kg8 37. dxe5 Kxf7 38. exf6 Kxf6 39. Rf3+
Kg5 40. Rg3+ Kh6 41. Bg6 Re7 42. Re4 Rd1+ 43. Kh2 Nd7 44. Bf5 e5 45. Rg6+ Kxh5
46. Re3 Rd4 47. Rh3+ 1-0

[Event "29th NATO Chess Championship"]
[Site "Lubbock"]
[Date "2018.06.05"]
[Round "3.20"]
[White "Stankowski, Aleksander"]
[Black "Nilsson, Erik"]
[Result "1-0"]
[WhiteElo "1987"]
[BlackElo "2071"]
[PlyCount "65"]
[EventDate "2018.06.04"]
[EventType "swiss"]
[EventRounds "7"]
[EventCountry "USA"]
[SourceVersion "1"]
[SourceVersionDate "2018.06.14"]
[SourceQuality "1"]

1. Nf3 c5 2. g3 Nc6 3. Bg2 e5 4. d3 d5 5. O-O f6 6. Nc3 Be6 7. a3 Nge7 8. Rb1
Qd7 9. b4 b6 10. bxc5 bxc5 11. Na4 Nc8 12. c4 a6 13. cxd5 Bxd5 14. Nc3 Be6 15.
Qa4 Ra7 16. Ng5 Nd4 17. Nxe6 Qxa4 18. Nxg7+ Bxg7 19. Nxa4 Nxe2+ 20. Kh1 Rc7 21.
Rb7 Rxb7 22. Bxb7 Nd6 23. Bxa6 Ke7 24. Nxc5 Rb8 25. Bd2 Nd4 26. Ne4 N6f5 27.
Rc1 Kf7 28. Rc7+ Kg6 29. Bc4 Nh6 30. h4 f5 31. h5+ Kxh5 32. Rxg7 fxe4 33. Rg5#
1-0

[Event "29th NATO Chess Championship"]
[Site "Lubbock"]
[Date "2018.06.05"]
[Round "3.22"]
[White "Ntalampiras, Spyros"]
[Black "Cheung, Jan W"]
[Result "0-1"]
[WhiteElo "1780"]
[BlackElo "2043"]
[PlyCount "112"]
[EventDate "2018.06.04"]
[EventType "swiss"]
[EventRounds "7"]
[EventCountry "USA"]
[SourceVersion "1"]
[SourceVersionDate "2018.06.14"]
[SourceQuality "1"]

1. e4 c5 2. Nf3 d6 3. d4 cxd4 4. Nxd4 Nf6 5. Nc3 Nc6 6. Be2 e6 7. Be3 Be7 8.
O-O O-O 9. f4 a6 10. a4 Qc7 11. Kh1 Re8 12. Bf3 Rb8 13. Nb3 b6 14. Qe1 Na5 15.
Nxa5 bxa5 16. b3 Bb7 17. Rc1 e5 18. Nd5 Bxd5 19. exd5 e4 20. Be2 Nxd5 21. Bd2
Nb4 22. Bxb4 axb4 23. Bxa6 Bf6 24. Bb5 Bc3 25. Qe2 Re7 26. Bc4 e3 27. Rf3 Qc5
28. Rh3 g6 29. f5 d5 30. Bd3 Rbe8 31. Rf1 Bd4 32. Rhf3 Qc3 33. Rd1 Bh8 34. Bb5
Rc8 35. Bd3 Rce8 36. Bb5 Rd8 37. fxg6 hxg6 38. h4 Qe5 39. Bd3 d4 40. g3 Rd6 41.
Rdf1 Rf6 42. Rf4 Rxf4 43. Rxf4 Qd5+ 44. Kg1 Be5 45. Rg4 Bg7 46. Rxg6 Rc7 47.
Rg5 Qd7 48. Qh5 Kf8 49. Qf3 Qe6 50. Qe2 Bf6 51. Rg4 Rc3 52. Bh7 Be5 53. Rg8+
Ke7 54. Bd3 f5 55. Qh5 Qxg8 56. Qxf5 Qxg3+ 0-1

[Event "29th NATO Chess Championship"]
[Site "Lubbock"]
[Date "2018.06.05"]
[Round "3.23"]
[White "Wagenaar, Harm Theo"]
[Black "Farrell, John F"]
[Result "1/2-1/2"]
[WhiteElo "1911"]
[BlackElo "2008"]
[PlyCount "39"]
[EventDate "2018.06.04"]
[EventType "swiss"]
[EventRounds "7"]
[EventCountry "USA"]
[SourceVersion "1"]
[SourceVersionDate "2018.06.14"]
[SourceQuality "1"]

1. d4 d5 2. Nf3 Nf6 3. c4 dxc4 4. e3 a6 5. Bxc4 b5 6. Be2 Bb7 7. O-O e6 8. a3
c5 9. dxc5 Qxd1 10. Rxd1 Bxc5 11. b4 Be7 12. Bb2 O-O 13. Ne5 Rd8 14. Rxd8+ Bxd8
15. Nd2 Nbd7 16. Rc1 Nxe5 17. Bxe5 Rc8 18. Rxc8 Bxc8 19. Nf3 Nd7 20. Bc3
1/2-1/2

[Event "29th NATO Chess Championship"]
[Site "Lubbock"]
[Date "2018.06.05"]
[Round "3.26"]
[White "Tucker, David Sidney"]
[Black "Tremblay, Mario"]
[Result "1-0"]
[WhiteElo "1997"]
[BlackElo "1636"]
[PlyCount "67"]
[EventDate "2018.06.04"]
[EventType "swiss"]
[EventRounds "7"]
[EventCountry "USA"]
[SourceVersion "1"]
[SourceVersionDate "2018.06.14"]
[SourceQuality "1"]

1. e4 e5 2. Nf3 Nc6 3. Bb5 f5 4. d3 Nf6 5. O-O Bc5 6. Nc3 O-O 7. Bc4+ Kh8 8.
Ng5 Qe7 9. exf5 h6 10. Nge4 Bb6 11. a4 d6 12. Be3 Bxf5 13. Nxf6 Qxf6 14. Nd5
Qg6 15. Kh1 a6 16. Nxb6 cxb6 17. Bd5 e4 18. dxe4 Bxe4 19. Bxe4 Qxe4 20. Bxb6
Rf6 21. Qd2 Rg6 22. f3 Qe5 23. c3 Rf8 24. Rae1 Qh5 25. Bd4 Nd8 26. Re7 Ne6 27.
Be3 Qa5 28. Rxb7 Rf5 29. Rb4 Qc7 30. Qd3 Rff6 31. a5 Qf7 32. Qxa6 Ng5 33. Rb8+
Kh7 34. Qc8 1-0

[Event "29th NATO Chess Championship"]
[Site "Lubbock"]
[Date "2018.06.05"]
[Round "3.27"]
[White "Tammisto, Janek"]
[Black "Hendy, Jerry"]
[Result "0-1"]
[WhiteElo "1940"]
[BlackElo "1639"]
[PlyCount "122"]
[EventDate "2018.06.04"]
[EventType "swiss"]
[EventRounds "7"]
[EventCountry "USA"]
[SourceVersion "1"]
[SourceVersionDate "2018.06.14"]
[SourceQuality "1"]

1. e4 c5 2. Nf3 e6 3. d4 cxd4 4. Nxd4 Nc6 5. Nxc6 bxc6 6. b3 Bb4+ 7. c3 Be7 8.
Bb2 Nf6 9. Bd3 Qc7 10. O-O Bb7 11. Nd2 d5 12. exd5 cxd5 13. Bb5+ Bc6 14. Bxc6+
Qxc6 15. Qe2 O-O 16. c4 Rfd8 17. Rfd1 Rac8 18. Qf3 Qb7 19. h3 a5 20. Rab1 Qa8
21. a3 Qa6 22. cxd5 Rxd5 23. Ne4 Rf5 24. Qg3 Nh5 25. Qe3 Nf4 26. Ng3 Bg5 27.
Nxf5 Ne2+ 28. Kh1 Bxe3 29. Ne7+ Kf8 30. Nxc8 Qxc8 31. fxe3 Ng3+ 32. Kg1 Qc2 33.
Be5 Ne2+ 34. Kh1 f6 35. Bh2 e5 36. b4 axb4 37. axb4 Nc3 38. Rdc1 Qxb1 39. Rxb1
Nxb1 40. Kg1 Ke7 41. Kf2 Kd6 42. Kf3 Kd5 43. Kg4 g6 44. b5 Nd2 45. b6 Kc6 46.
Bxe5 fxe5 47. Kg5 Nc4 48. e4 Kxb6 49. Kh6 Nd2 50. Kxh7 g5 51. Kg6 Kc5 52. Kxg5
Nxe4+ 53. Kg4 Kd4 54. h4 Nf6+ 55. Kf5 e4 56. Kxf6 e3 57. h5 e2 58. h6 e1=Q 59.
Kg7 Qe7+ 60. Kg8 Qg5+ 61. Kh8 Ke5 0-1

[Event "29th NATO Chess Championship"]
[Site "Lubbock"]
[Date "2018.06.05"]
[Round "3.28"]
[White "O'Byrne, Daniel"]
[Black "Papler, Peter"]
[Result "1-0"]
[WhiteElo "1676"]
[BlackElo "1646"]
[PlyCount "89"]
[EventDate "2018.06.04"]
[EventType "swiss"]
[EventRounds "7"]
[EventCountry "USA"]
[SourceVersion "1"]
[SourceVersionDate "2018.06.14"]
[SourceQuality "1"]

1. d4 d6 2. c4 Nf6 3. Nc3 c6 4. e4 Nbd7 5. f3 Qc7 6. Bd3 g6 7. Qd2 Bg7 8. Nh3
O-O 9. Nf2 e5 10. d5 c5 11. g4 a6 12. h4 h5 13. Rg1 Kh7 14. Be2 Qa5 15. Nh1 Qb4
16. Ng3 Nb6 17. b3 hxg4 18. Qc2 gxf3 19. Bxf3 Bg4 20. Bd2 Nxc4 21. bxc4 Bxf3
22. Nb5 Bxe4 23. Nxe4 Qxd2+ 24. Qxd2 Nxe4 25. Qd3 f5 26. Nc7 Rab8 27. Ne6 Rf7
28. Nxg7 Kxg7 29. Rb1 Rh8 30. Qh3 Kf6 31. Qg2 Rg8 32. Rb3 g5 33. Rf1 Kg6 34.
hxg5 Rh8 35. Rh1 Rxh1+ 36. Qxh1 Rh7 37. Rh3 Rxh3 38. Qxh3 Kxg5 39. Qb3 b5 40.
cxb5 axb5 41. Qxb5 f4 42. Qd3 Ng3 43. a4 e4 44. Qc3 Kg4 45. a5 1-0

[Event "29th NATO Chess Championship"]
[Site "Lubbock"]
[Date "2018.06.05"]
[Round "3.30"]
[White "Stuhr, Finn"]
[Black "Peraino, Andrew"]
[Result "0-1"]
[WhiteElo "1715"]
[BlackElo "1868"]
[PlyCount "58"]
[EventDate "2018.06.04"]
[EventType "swiss"]
[EventRounds "7"]
[EventCountry "USA"]
[SourceVersion "1"]
[SourceVersionDate "2018.06.14"]
[SourceQuality "1"]

1. e4 d6 2. d4 Nf6 3. Nc3 g6 4. h3 Bg7 5. Nf3 c5 6. dxc5 Qa5 7. Bd2 Qxc5 8. Bd3
O-O 9. O-O Nc6 10. a3 a6 11. Be3 Qa5 12. Qd2 Re8 13. b4 Qh5 14. Rab1 Bxh3 15.
gxh3 Qxf3 16. Be2 Qxh3 17. Rb3 Ng4 18. Bf4 Nd4 19. Qd1 Nxb3 20. Bxg4 Qxc3 21.
cxb3 Qf6 22. Qd2 h5 23. Be2 Qd4 24. Bd3 Rac8 25. Be3 Qb2 26. Qd1 Qxa3 27. b5 a5
28. Bc4 e6 29. f4 Rxc4 0-1

[Event "29th NATO Chess Championship"]
[Site "Lubbock"]
[Date "2018.06.05"]
[Round "3.32"]
[White "Van den Heuvel, Tonnie"]
[Black "Langer, Herb"]
[Result "1/2-1/2"]
[WhiteElo "1832"]
[BlackElo "1757"]
[PlyCount "33"]
[EventDate "2018.06.04"]
[EventType "swiss"]
[EventRounds "7"]
[EventCountry "USA"]
[SourceVersion "1"]
[SourceVersionDate "2018.06.14"]
[SourceQuality "1"]

1. c4 c5 2. g3 g6 3. Bg2 Bg7 4. Nc3 Nc6 5. Nf3 Nf6 6. O-O O-O 7. b3 b6 8. Bb2
Bb7 9. a3 a6 10. Qc2 Qc7 11. Rad1 Rad8 12. e3 e6 13. Rfe1 Rfe8 14. Ne2 Ne7 15.
d3 d6 16. e4 e5 17. Nc3 1/2-1/2

[Event "29th NATO Chess Championship"]
[Site "Lubbock"]
[Date "2018.06.05"]
[Round "3.33"]
[White "Ross, David C"]
[Black "Simard, Francois"]
[Result "0-1"]
[WhiteElo "1633"]
[BlackElo "1821"]
[PlyCount "58"]
[EventDate "2018.06.04"]
[EventType "swiss"]
[EventRounds "7"]
[EventCountry "USA"]
[SourceVersion "1"]
[SourceVersionDate "2018.06.14"]
[SourceQuality "1"]

1. e4 c5 2. Nc3 e6 3. g3 b6 4. Bg2 Bb7 5. d3 f5 6. Nh3 Nf6 7. O-O fxe4 8. dxe4
Qc7 9. Nf4 Nc6 10. Nb5 Qb8 11. Re1 a6 12. Nc3 e5 13. Ncd5 exf4 14. Nxf6+ gxf6
15. Bxf4 Ne5 16. Qh5+ Ke7 17. Rad1 Qe8 18. Qe2 Rd8 19. Qd2 d6 20. Qc3 Kd7 21.
b4 Kc7 22. bxc5 dxc5 23. Rb1 Bd6 24. Rb2 Qc6 25. Reb1 b5 26. Qa5+ Qb6 27. Qe1
Nc4 28. Bd2 Nxd2 29. Qxd2 Be5 0-1

[Event "29th NATO Chess Championship"]
[Site "Lubbock"]
[Date "2018.06.06"]
[Round "4.1"]
[White "Hernandez, Albert"]
[Black "Pavlidis, Anastasios"]
[Result "0-1"]
[WhiteElo "1950"]
[BlackElo "2357"]
[PlyCount "80"]
[EventDate "2018.06.04"]
[EventType "swiss"]
[EventRounds "7"]
[EventCountry "USA"]
[SourceVersion "1"]
[SourceVersionDate "2018.06.14"]
[SourceQuality "1"]
[WhiteTeam "VETERANS B"]
[BlackTeam "GREECE"]
[BlackTeamCountry "GRE"]

1. d4 Nf6 2. c4 g6 3. Nc3 Bg7 4. e4 d6 5. f3 O-O 6. Bd3 b6 7. Nge2 Nfd7 8. Be3
c5 9. d5 Ne5 10. O-O Na6 11. a3 Nc7 12. Qd2 a6 13. b3 Nxd3 14. Qxd3 b5 15. Rab1
Bd7 16. Ng3 Rb8 17. Nce2 a5 18. cxb5 Nxb5 19. a4 Nc7 20. Bd2 Ne8 21. Rfc1 Qb6
22. Kh1 Bc8 23. Qc2 Ba6 24. Qd1 h5 25. Qe1 Bd3 26. Bxa5 Qa6 27. Nf4 Bxb1 28.
Rxb1 c4 29. b4 c3 30. Rc1 Rc8 31. Rc2 Nf6 32. Qe2 Qa7 33. Qd3 Nd7 34. Nge2 Ne5
35. Qd4 Qa6 36. Qe3 Nc4 37. Qd3 Qa7 38. Nxc3 Ne3 39. Nb5 Rxc2 40. Qxc2 Qxa5 0-1

[Event "29th NATO Chess Championship"]
[Site "Lubbock"]
[Date "2018.06.06"]
[Round "4.2"]
[White "Pavlidou, Ekaterini"]
[Black "Drabke, Lorenz Maximilian"]
[Result "1-0"]
[WhiteElo "2157"]
[BlackElo "2419"]
[PlyCount "70"]
[EventDate "2018.06.04"]
[EventType "swiss"]
[EventRounds "7"]
[EventCountry "USA"]
[SourceVersion "1"]
[SourceVersionDate "2018.06.14"]
[SourceQuality "1"]
[WhiteTeam "GREECE"]
[BlackTeam "GERMANY"]
[WhiteTeamCountry "GRE"]
[BlackTeamCountry "GER"]

1. Nf3 d5 2. c4 c6 3. g3 Bg4 4. Bg2 e6 5. cxd5 exd5 6. d3 Nf6 7. Nbd2 Nbd7 8.
b3 Bc5 9. Bb2 O-O 10. O-O Re8 11. h3 Bh5 12. Rc1 Qe7 13. Re1 Bg6 14. Nf1 Bb4
15. Bc3 a5 16. Qd2 Qd6 17. Nd4 c5 18. Nb5 Qb6 19. a4 d4 20. Bxb4 axb4 21. Qc2
Bf5 22. e4 dxe3 23. Nxe3 Be6 24. Nc4 Bxc4 25. dxc4 Ne5 26. Rcd1 Nc6 27. Rxe8+
Rxe8 28. Qf5 Re5 29. Qf4 Re8 30. Kh2 Rd8 31. Rxd8+ Qxd8 32. Nd6 Nd4 33. Nxb7
Qc8 34. Qe3 h5 35. a5 h4 1-0

[Event "29th NATO Chess Championship"]
[Site "Lubbock"]
[Date "2018.06.06"]
[Round "4.3"]
[White "Helbig, Mark"]
[Black "Kersic, Matej"]
[Result "1/2-1/2"]
[WhiteElo "2361"]
[BlackElo "2119"]
[PlyCount "111"]
[EventDate "2018.06.04"]
[EventType "swiss"]
[EventRounds "7"]
[EventCountry "USA"]
[SourceVersion "1"]
[SourceVersionDate "2018.06.14"]
[SourceQuality "1"]
[WhiteTeam "GERMANY"]
[BlackTeam "SLOVENIA"]
[WhiteTeamCountry "GER"]
[BlackTeamCountry "SLO"]

1. d4 d5 2. c4 c6 3. Nc3 Nf6 4. Nf3 e6 5. e3 Nbd7 6. Bd3 dxc4 7. Bxc4 b5 8. Bd3
Bb7 9. e4 b4 10. Na4 c5 11. e5 Nd5 12. O-O cxd4 13. Nxd4 Be7 14. Re1 O-O 15.
Qg4 Re8 16. Bb5 Kh8 17. Nc6 Qc7 18. Nxe7 Rxe7 19. Qh5 Bc6 20. Bxc6 Qxc6 21. b3
Nf8 22. Bg5 Rc7 23. Rac1 Qe8 24. Rxc7 Nxc7 25. Nc5 Nd5 26. Qf3 Kg8 27. Ne4 Ng6
28. Nd6 Qd7 29. Qg3 a5 30. h4 h5 31. Kh1 Ra6 32. Qd3 Nc7 33. Rc1 Rc6 34. Rxc6
Qxc6 35. Nc4 Qd5 36. Qxd5 Nxd5 37. Nxa5 Nxe5 38. Bd2 Nd3 39. Kg1 e5 40. Kf1 e4
41. Ke2 f5 42. f3 Kf7 43. fxe4 fxe4 44. Nc4 Ke6 45. a4 bxa3 46. Nxa3 N3b4 47.
Bxb4 Nxb4 48. Ke3 Kf5 49. Nc4 Kg4 50. Kxe4 Kxh4 51. Kf3 g5 52. Ne3 g4+ 53. Kf4
Nd3+ 54. Ke4 Nc5+ 55. Kf4 Nd3+ 56. Ke4 1/2-1/2

[Event "29th NATO Chess Championship"]
[Site "Lubbock"]
[Date "2018.06.06"]
[Round "4.4"]
[White "Bobula, Mateusz"]
[Black "Kraft, Chip"]
[Result "1/2-1/2"]
[WhiteElo "2347"]
[BlackElo "1950"]
[PlyCount "73"]
[EventDate "2018.06.04"]
[EventType "swiss"]
[EventRounds "7"]
[EventCountry "USA"]
[SourceVersion "1"]
[SourceVersionDate "2018.06.14"]
[SourceQuality "1"]
[WhiteTeam "POLAND"]
[BlackTeam "UNITED STATES"]
[WhiteTeamCountry "POL"]
[BlackTeamCountry "USA"]

1. d4 Nf6 2. Nf3 g6 3. c4 Bg7 4. g3 d6 5. Bg2 O-O 6. O-O Bg4 7. Nc3 Nc6 8. h3
Bxf3 9. Bxf3 Nd7 10. e3 e5 11. d5 Ne7 12. e4 f5 13. Bg2 Nc5 14. exf5 gxf5 15.
Be3 Nd7 16. f4 Ng6 17. fxe5 Ngxe5 18. Qb3 b6 19. Ne2 Qe7 20. Bd4 Nc5 21. Qc2
Rae8 22. Bxc5 bxc5 23. Nf4 Rb8 24. Rab1 Rf7 25. b3 Ng6 26. Ne6 Be5 27. Rxf5
Rxf5 28. Qxf5 Bxg3 29. Be4 Be5 30. Kh1 a5 31. Rg1 Kh8 32. Qg5 Qxg5 33. Rxg5 a4
34. Rh5 axb3 35. axb3 Kg8 36. Bc2 Ra8 37. Bxg6 1/2-1/2

[Event "29th NATO Chess Championship"]
[Site "Lubbock"]
[Date "2018.06.06"]
[Round "4.5"]
[White "Pietruszewski, Marcin"]
[Black "Nill, Oliver"]
[Result "1/2-1/2"]
[WhiteElo "2198"]
[BlackElo "2194"]
[PlyCount "80"]
[EventDate "2018.06.04"]
[EventType "swiss"]
[EventRounds "7"]
[EventCountry "USA"]
[SourceVersion "1"]
[SourceVersionDate "2018.06.14"]
[SourceQuality "1"]
[WhiteTeam "POLAND"]
[BlackTeam "NATO A"]
[WhiteTeamCountry "POL"]

1. d4 g6 2. c4 Bg7 3. Nc3 c5 4. d5 Nf6 5. e4 d6 6. Be2 O-O 7. Be3 Qa5 8. Qd2 a6
9. a4 b5 10. cxb5 axb5 11. Bxb5 Ng4 12. Nge2 Nxe3 13. Qxe3 Ba6 14. O-O Bxb5 15.
Nxb5 Bxb2 16. Rab1 Bf6 17. Nbc3 Nd7 18. Rb5 Qa7 19. Rfb1 Rfb8 20. Qd3 Rxb5 21.
Rxb5 c4 22. Qxc4 Nb6 23. Qb4 Nxa4 24. Nxa4 Qxa4 25. Rb8+ Rxb8 26. Qxb8+ Kg7 27.
Qb1 Qc4 28. Ng3 Be5 29. Nf1 Bd4 30. Qe1 Qd3 31. g3 h5 32. Kg2 Qc2 33. h4 Qd3
34. Nh2 Bc3 35. Qe3 Qxe3 36. fxe3 Be1 37. Nf3 Bc3 38. Ng5 Bd2 39. Kf3 Be1 40.
Kg2 Kf6 1/2-1/2

[Event "29th NATO Chess Championship"]
[Site "Lubbock"]
[Date "2018.06.06"]
[Round "4.6"]
[White "Sauer, Marko"]
[Black "Graczyk, Damian"]
[Result "0-1"]
[WhiteElo "2119"]
[BlackElo "2066"]
[PlyCount "124"]
[EventDate "2018.06.04"]
[EventType "swiss"]
[EventRounds "7"]
[EventCountry "USA"]
[SourceVersion "1"]
[SourceVersionDate "2018.06.14"]
[SourceQuality "1"]
[WhiteTeam "GERMANY"]
[BlackTeam "POLAND"]
[WhiteTeamCountry "GER"]
[BlackTeamCountry "POL"]

1. e4 d5 2. exd5 Qxd5 3. Nc3 Qd8 4. d4 Nf6 5. Be2 Bf5 6. Bf3 c6 7. Be3 e6 8. a3
Nbd7 9. g4 Bg6 10. h4 h6 11. Nge2 Nd5 12. Nxd5 cxd5 13. Nf4 Bh7 14. Be2 Qc7 15.
Rc1 Bd6 16. Qd2 Nb6 17. Nh5 f6 18. Bb5+ Kf7 19. Rh3 Be4 20. Bf4 e5 21. Rc3 Qe7
22. dxe5 fxe5 23. Bg3 d4 24. Rb3 g6 25. Qe2 Bd5 26. c4 dxc3 27. Rbxc3 gxh5 28.
gxh5 Rac8 29. Qg4 Qe6 30. Qe2 Rxc3 31. Rxc3 Rc8 32. Qc2 e4 33. Bxd6 Rxc3 34.
Qxc3 Qxd6 35. Qh8 Qf6 36. Qh7+ Ke6 37. Be2 Kd6 38. Bd1 Nd7 39. Bg4 Nf8 40. Qf5
Qxf5 41. Bxf5 Ke5 42. Bg4 Ne6 43. Kd2 Nf4 44. Kc3 Ng2 45. a4 Nxh4 46. a5 Ng2
47. b4 a6 48. Bd7 Nf4 49. b5 axb5 50. Bxb5 Nxh5 51. a6 bxa6 52. Bxa6 Nf6 53.
Kd2 Kf4 54. Ke2 Ng4 55. Kf1 h5 56. Be2 h4 57. Kg2 e3+ 58. Kh3 exf2 59. Kxh4 Ne3
60. Kh3 Bc4 61. Bxc4 Nxc4 62. Kg2 Ke3 0-1